[Event "DEM U10 2023"]
[Site "Willingen GER"]
[Date "2023.05.30"]
[Round "5"]
[White "Simon, Levi Paul"]
[Black "Bergmann, Rafael Antonio"]
[Result "0-1"]
[Termination "normal"]
[Board "23"]
[WhiteElo "1297"]
[BlackElo "1669"]
[WhiteClock "00:57:59"]
[BlackClock "00:38:02"]
[PlyCount "96"]
[WhiteFideId "34652310"]
[BlackFideId "34635076"]
[EventCountry "GER"]
[EventRounds "11"]
[EventType "swiss"]
[EventDate "2023.05.27"]

1. d4 {[%clk 01:15:58]} Nf6 {[%clk 01:15:51]} {[%emt 00:00:09]} 2. Nf3 {[%clk
01:16:22]} {[%emt 00:00:07]} e6 {[%clk 01:15:58]} {[%emt 00:00:23]} 3. c4
{[%clk 01:16:43]} {[%emt 00:00:09]} d5 {[%clk 01:16:21]} {[%emt 00:00:07]} 4.
Nc3 {[%clk 01:17:04]} {[%emt 00:00:08]} a6 {[%clk 01:16:42]} {[%emt 00:00:10]}
5. Bg5 {[%clk 01:17:23]} {[%emt 00:00:10]} Be7 {[%clk 01:16:56]} {[%emt
00:00:17]} 6. e3 {[%clk 01:17:36]} {[%emt 00:00:18]} O-O {[%clk 01:17:10]}
{[%emt 00:00:14]} 7. Rc1 {[%clk 01:17:53]} {[%emt 00:00:15]} Nbd7 {[%clk
01:16:31]} {[%emt 00:01:09]} 8. Bd3 {[%clk 01:17:52]} {[%emt 00:00:31]} dxc4
{[%clk 01:16:52]} {[%emt 00:00:09]} 9. Bxc4 {[%clk 01:18:12]} {[%emt 00:00:11]}
b5 {[%clk 01:17:11]} {[%emt 00:00:10]} 10. Be2 {[%clk 01:18:06]} {[%emt
00:00:36]} Bb7 {[%clk 01:17:28]} {[%emt 00:00:14]} 11. O-O {[%clk 01:18:01]}
{[%emt 00:00:35]} c5 {[%clk 01:17:42]} {[%emt 00:00:16]} 12. dxc5 {[%clk
01:18:11]} {[%emt 00:00:20]} Bxc5 {[%clk 01:15:34]} {[%emt 00:02:37]} 13. Bxf6
{[%clk 01:17:02]} {[%emt 00:01:39]} Nxf6 {[%clk 01:13:25]} {[%emt 00:02:39]}
14. Qxd8 {[%clk 01:17:14]} {[%emt 00:00:19]} Rfxd8 {[%clk 01:13:19]} {[%emt
00:00:36]} 15. Nxb5 {[%clk 01:14:53]} {[%emt 00:02:51]} axb5 {[%clk 01:12:17]}
{[%emt 00:01:32]} 16. Rxc5 {[%clk 01:15:11]} {[%emt 00:00:12]} Rxa2 {[%clk
01:12:27]} {[%emt 00:00:20]} 17. Rxb5 {[%clk 01:14:42]} {[%emt 00:00:59]} Ba6
{[%clk 01:12:34]} {[%emt 00:00:22]} 18. Bc4 {[%clk 01:14:36]} {[%emt 00:00:36]}
Bxb5 {[%clk 01:12:50]} {[%emt 00:00:14]} 19. Bxa2 {[%clk 01:14:42]} {[%emt
00:00:24]} Bxf1 {[%clk 01:13:05]} {[%emt 00:00:15]} 20. Kxf1 {[%clk 01:14:58]}
{[%emt 00:00:14]} Rb8 {[%clk 01:13:11]} {[%emt 00:00:24]} 21. b3 {[%clk
01:14:15]} {[%emt 00:01:13]} Ne4 {[%clk 01:12:32]} {[%emt 00:01:06]} 22. Bb1
{[%clk 01:11:16]} {[%emt 00:03:31]} Nc5 {[%clk 01:12:46]} {[%emt 00:00:15]} 23.
Bc2 {[%clk 01:11:24]} {[%emt 00:00:23]} Nxb3 {[%clk 01:13:06]} {[%emt
00:00:10]} 24. Bxb3 {[%clk 01:11:23]} {[%emt 00:00:31]} Rxb3 {[%clk 01:13:25]}
{[%emt 00:00:11]} 25. g4 {[%clk 01:11:30]} {[%emt 00:00:22]} Kf8 {[%clk
01:13:10]} {[%emt 00:00:43]} 26. Nd4 {[%clk 01:11:24]} {[%emt 00:00:39]} Rb1+
{[%clk 01:12:42]} {[%emt 00:00:55]} 27. Kg2 {[%clk 01:10:49]} {[%emt 00:01:08]}
Ke7 {[%clk 01:09:30]} {[%emt 00:03:42]} 28. h4 {[%clk 01:10:30]} {[%emt
00:00:48]} Kd6 {[%clk 01:07:15]} {[%emt 00:02:44]} 29. Nf3 {[%clk 01:10:25]}
{[%emt 00:00:37]} f6 {[%clk 01:06:55]} {[%emt 00:00:49]} 30. Nd2 {[%clk
01:08:27]} {[%emt 00:02:29]} Rd1 {[%clk 01:06:13]} {[%emt 00:01:05]} 31. Ne4+
{[%clk 01:08:47]} {[%emt 00:00:17]} Ke5 {[%clk 01:06:12]} {[%emt 00:00:31]} 32.
Ng3 {[%clk 01:08:34]} {[%emt 00:00:42]} Ra1 {[%clk 00:57:09]} {[%emt 00:09:17]}
33. Ne2 {[%clk 01:07:53]} {[%emt 00:01:28]} Ra4 {[%clk 00:55:45]} {[%emt
00:01:53]} 34. f4+ {[%clk 01:06:12]} {[%emt 00:02:11]} Kd6 {[%clk 00:55:03]}
{[%emt 00:01:13]} 35. Kf3 {[%clk 01:05:42]} {[%emt 00:01:00]} f5 {[%clk
00:50:27]} {[%emt 00:05:04]} 36. g5 {[%clk 01:05:13]} {[%emt 00:01:01]} Rc4
{[%clk 00:43:30]} {[%emt 00:07:23]} 37. Kg3 {[%clk 01:02:50]} {[%emt 00:02:57]}
Kd5 {[%clk 00:40:47]} {[%emt 00:03:14]} 38. Kf3 {[%clk 01:02:44]} {[%emt
00:00:36]} e5 {[%clk 00:37:32]} {[%emt 00:03:44]} 39. Ng3 {[%clk 00:59:55]}
{[%emt 00:03:20]} e4+ {[%clk 00:37:29]} {[%emt 00:00:34]} 40. Kf2 {[%clk
00:59:57]} {[%emt 00:00:27]} g6 {[%clk 00:37:22]} {[%emt 00:00:37]} 41. h5
{[%clk 00:59:51]} {[%emt 00:00:35]} Rc2+ {[%clk 00:37:16]} {[%emt 00:00:34]}
42. Kf1 {[%clk 00:57:35]} {[%emt 00:02:49]} Kc4 {[%clk 00:36:43]} {[%emt
00:01:02]} 43. hxg6 {[%clk 00:57:24]} {[%emt 00:00:42]} hxg6 {[%clk 00:37:03]}
{[%emt 00:00:10]} 44. Ke1 {[%clk 00:57:19]} {[%emt 00:00:34]} Kd3 {[%clk
00:36:42]} {[%emt 00:00:50]} 45. Nf1 {[%clk 00:57:08]} {[%emt 00:00:41]} Rc1+
{[%clk 00:37:03]} {[%emt 00:00:10]} 46. Kf2 {[%clk 00:57:29]} {[%emt 00:00:09]}
Rxf1+ {[%clk 00:37:27]} {[%emt 00:00:07]} 47. Kxf1 {[%clk 00:57:53]} {[%emt
00:00:06]} Kxe3 {[%clk 00:37:48]} {[%emt 00:00:09]} 48. Ke1 {[%clk 00:57:59]}
{[%emt 00:00:24]} Kxf4 {[%clk 00:38:02]} {[%emt 00:00:16]} 0-1

[Event "DEM U10 2023"]
[Site "Willingen GER"]
[Date "2023.05.30"]
[Round "5"]
[White "Schmidt, Jossip"]
[Black "Hildebrand, Azat"]
[Result "0-1"]
[Termination "normal"]
[Board "25"]
[WhiteElo "1276"]
[BlackElo "1502"]
[WhiteClock "00:53:00"]
[BlackClock "00:49:42"]
[PlyCount "38"]
[WhiteFideId "34621148"]
[BlackFideId "34607536"]
[EventCountry "GER"]
[EventRounds "11"]
[EventType "swiss"]
[EventDate "2023.05.27"]

1. e4 {[%clk 01:15:56]} {[%emt 00:00:03]} c6 {[%clk 01:15:49]} {[%emt
00:00:13]} 2. d4 {[%clk 01:15:31]} {[%emt 00:00:55]} d5 {[%clk 01:15:57]}
{[%emt 00:00:21]} 3. Nc3 {[%clk 01:15:00]} {[%emt 00:01:01]} dxe4 {[%clk
01:15:59]} {[%emt 00:00:29]} 4. Nxe4 {[%clk 01:14:21]} {[%emt 00:01:09]} Nd7
{[%clk 01:15:17]} {[%emt 00:01:12]} 5. Nf3 {[%clk 01:13:44]} {[%emt 00:01:08]}
Ngf6 {[%clk 01:15:12]} {[%emt 00:00:35]} 6. Ng3 {[%clk 01:12:21]} {[%emt
00:01:52]} e6 {[%clk 01:09:38]} {[%emt 00:06:05]} 7. c3 {[%clk 01:11:08]}
{[%emt 00:01:43]} b6 {[%clk 01:07:11]} {[%emt 00:02:57]} 8. Bd3 {[%clk
01:10:33]} {[%emt 00:01:05]} Bb7 {[%clk 01:05:44]} {[%emt 00:01:57]} 9. O-O
{[%clk 01:09:45]} {[%emt 00:01:17]} c5 {[%clk 01:05:18]} {[%emt 00:00:57]} 10.
dxc5 {[%clk 01:08:34]} {[%emt 00:01:41]} Bxc5 {[%clk 01:05:09]} {[%emt
00:00:39]} 11. Bg5 {[%clk 01:06:56]} {[%emt 00:02:07]} h6 {[%clk 01:04:03]}
{[%emt 00:01:36]} 12. Bxf6 {[%clk 01:06:19]} {[%emt 00:01:07]} Nxf6 {[%clk
01:03:54]} {[%emt 00:00:40]} 13. Bb5+ {[%clk 01:05:52]} {[%emt 00:00:57]} Ke7
{[%clk 01:01:37]} {[%emt 00:02:47]} 14. Re1 {[%clk 01:04:59]} {[%emt 00:01:23]}
Qxd1 {[%clk 00:59:32]} {[%emt 00:02:36]} 15. Raxd1 {[%clk 01:04:36]} {[%emt
00:00:53]} Rhd8 {[%clk 00:58:18]} {[%emt 00:01:44]} 16. Ne5 {[%clk 01:02:25]}
{[%emt 00:02:41]} Rxd1 {[%clk 00:57:15]} {[%emt 00:01:34]} 17. Rxd1 {[%clk
01:02:42]} {[%emt 00:00:13]} Bd6 {[%emt 00:09:52]} 18. f4 {[%clk 00:56:10]} Rd8
{[%clk 00:49:54]} {[%emt 00:05:29]} 19. b4 {[%clk 00:53:00]} {[%emt 00:03:41]}
Bc5+ {[%clk 00:49:42]} {[%emt 00:00:43]} 0-1

[Event "DEM U10 2023"]
[Site "Willingen GER"]
[Date "2023.05.30"]
[Round "5"]
[White "Franke, Moritz"]
[Black "Ziem, Ole"]
[Result "1/2-1/2"]
[Termination "normal"]
[Board "26"]
[WhiteElo "1141"]
[BlackElo "1312"]
[WhiteClock "01:04:16"]
[BlackClock "00:59:13"]
[PlyCount "98"]
[WhiteFideId "34629475"]
[BlackFideId "34624791"]
[EventCountry "GER"]
[EventRounds "11"]
[EventType "swiss"]
[EventDate "2023.05.27"]

1. e4 {[%clk 01:15:58]} e5 {[%clk 01:15:56]} {[%emt 00:00:05]} 2. Nf3 {[%clk
01:16:23]} {[%emt 00:00:04]} Nc6 {[%clk 01:16:23]} {[%emt 00:00:04]} 3. Bc4
{[%clk 01:16:47]} {[%emt 00:00:06]} Nf6 {[%clk 01:16:47]} {[%emt 00:00:06]} 4.
d4 {[%clk 01:17:01]} {[%emt 00:00:15]} exd4 {[%clk 01:16:01]} {[%emt 00:01:17]}
5. O-O {[%clk 01:17:18]} {[%emt 00:00:12]} Bc5 {[%clk 01:16:14]} {[%emt
00:00:18]} 6. e5 {[%clk 01:17:36]} {[%emt 00:00:11]} d5 {[%clk 01:15:35]}
{[%emt 00:01:10]} 7. exf6 {[%clk 01:17:29]} {[%emt 00:00:37]} dxc4 {[%clk
01:15:31]} {[%emt 00:00:34]} 8. fxg7 {[%clk 01:17:43]} {[%emt 00:00:16]} Rg8
{[%clk 01:15:54]} {[%emt 00:00:09]} 9. Bg5 {[%clk 01:16:25]} {[%emt 00:01:46]}
Qd6 {[%clk 01:14:00]} {[%emt 00:02:25]} 10. Re1+ {[%clk 01:13:05]} {[%emt
00:03:49]} Be6 {[%clk 01:14:14]} {[%emt 00:00:17]} 11. Nbd2 {[%clk 01:13:02]}
{[%emt 00:00:32]} Qd7 {[%clk 01:11:14]} {[%emt 00:03:32]} 12. Ne4 {[%clk
01:12:44]} {[%emt 00:00:47]} Be7 {[%clk 01:10:43]} {[%emt 00:01:02]} 13. Bxe7
{[%clk 01:12:24]} {[%emt 00:00:49]} Qxe7 {[%clk 01:11:04]} {[%emt 00:00:10]}
14. Nxd4 {[%clk 01:11:59]} {[%emt 00:00:54]} O-O-O {[%clk 01:08:53]} {[%emt
00:02:41]} 15. Nxc6 {[%clk 01:11:37]} {[%emt 00:00:52]} bxc6 {[%clk 01:09:17]}
{[%emt 00:00:07]} 16. Qf3 {[%clk 01:11:17]} {[%emt 00:00:49]} Rxg7 {[%clk
01:07:07]} {[%emt 00:02:40]} 17. Rad1 {[%clk 01:11:02]} {[%emt 00:00:42]} Rxd1
{[%clk 01:06:18]} {[%emt 00:01:23]} 18. Qxd1 {[%clk 01:10:41]} {[%emt
00:00:50]} Qf8 {[%clk 01:05:04]} {[%emt 00:01:46]} 19. Qd2 {[%clk 01:09:55]}
{[%emt 00:01:13]} Bd5 {[%clk 01:01:24]} {[%emt 00:04:12]} 20. Qd4 {[%clk
01:05:50]} {[%emt 00:04:34]} Kb8 {[%clk 00:55:21]} {[%emt 00:06:33]} 21. Re3
{[%clk 01:04:41]} {[%emt 00:01:40]} f5 {[%clk 00:54:19]} {[%emt 00:01:33]} 22.
Rg3 {[%clk 01:03:01]} {[%emt 00:02:09]} Rxg3 {[%clk 00:54:21]} {[%emt
00:00:29]} 23. Nxg3 {[%clk 01:03:24]} {[%emt 00:00:06]} f4 {[%clk 00:54:33]}
{[%emt 00:00:19]} 24. Nh5 {[%clk 00:59:49]} {[%emt 00:04:04]} Qe8 {[%clk
00:54:19]} {[%emt 00:00:45]} 25. Qd1 {[%clk 00:59:32]} {[%emt 00:00:46]} Qg6
{[%clk 00:54:07]} {[%emt 00:00:42]} 26. Nxf4 {[%clk 00:59:44]} {[%emt
00:00:17]} Qe4 {[%clk 00:53:19]} {[%emt 00:01:19]} 27. Nxd5 {[%clk 00:59:48]}
{[%emt 00:00:26]} cxd5 {[%clk 00:53:35]} {[%emt 00:00:14]} 28. c3 {[%clk
00:59:24]} {[%emt 00:00:54]} a6 {[%clk 00:53:08]} {[%emt 00:00:56]} 29. h3
{[%clk 00:59:34]} {[%emt 00:00:20]} Qd3 {[%clk 00:53:07]} {[%emt 00:00:32]} 30.
Qxd3 {[%clk 00:59:48]} {[%emt 00:00:16]} cxd3 {[%clk 00:53:30]} {[%emt
00:00:08]} 31. Kf1 {[%clk 01:00:16]} {[%emt 00:00:03]} c5 {[%clk 00:53:54]}
{[%emt 00:00:06]} 32. Ke1 {[%clk 01:00:39]} {[%emt 00:00:07]} c4 {[%clk
00:54:12]} {[%emt 00:00:12]} 33. Kd2 {[%clk 01:00:57]} {[%emt 00:00:12]} Kc7
{[%clk 00:54:36]} {[%emt 00:00:06]} 34. b3 {[%clk 01:01:22]} {[%emt 00:00:04]}
Kd6 {[%clk 00:55:02]} {[%emt 00:00:05]} 35. f4 {[%clk 01:01:32]} {[%emt
00:00:19]} Ke6 {[%clk 00:55:21]} {[%emt 00:00:12]} 36. g4 {[%clk 01:01:40]}
{[%emt 00:00:21]} Kf6 {[%clk 00:55:39]} {[%emt 00:00:13]} 37. h4 {[%clk
01:01:39]} {[%emt 00:00:31]} Kg6 {[%clk 00:55:49]} {[%emt 00:00:20]} 38. f5+
{[%clk 01:01:31]} {[%emt 00:00:37]} Kf6 {[%clk 00:56:11]} {[%emt 00:00:08]} 39.
bxc4 {[%clk 01:01:41]} {[%emt 00:00:20]} dxc4 {[%clk 00:56:35]} {[%emt
00:00:06]} 40. a4 {[%clk 01:01:58]} {[%emt 00:00:14]} a5 {[%clk 00:57:01]}
{[%emt 00:00:04]} 41. Ke3 {[%clk 01:02:17]} {[%emt 00:00:11]} h6 {[%clk
00:57:16]} {[%emt 00:00:15]} 42. h5 {[%clk 01:02:32]} {[%emt 00:00:15]} Kg5
{[%clk 00:57:27]} {[%emt 00:00:18]} 43. Kd2 {[%clk 01:02:56]} {[%emt 00:00:06]}
Kf6 {[%clk 00:57:20]} {[%emt 00:00:37]} 44. Ke1 {[%clk 01:02:53]} {[%emt
00:00:32]} Kg5 {[%clk 00:57:43]} {[%emt 00:00:07]} 45. Kf2 {[%clk 01:03:14]}
{[%emt 00:00:09]} Kf6 {[%clk 00:58:03]} {[%emt 00:00:11]} 46. Kf1 {[%clk
01:03:33]} {[%emt 00:00:10]} Kg5 {[%clk 00:58:28]} {[%emt 00:00:06]} 47. Kf2
{[%clk 01:03:52]} {[%emt 00:00:11]} Kf6 {[%clk 00:58:52]} {[%emt 00:00:06]} 48.
Ke3 {[%clk 01:04:16]} {[%emt 00:00:06]} Kg5 {[%clk 00:59:13]} {[%emt 00:00:09]}
49. Kf3 Kf6 {[%clk 00:59:13]} 1/2-1/2

[Event "DEM U10 2023"]
[Site "Willingen GER"]
[Date "2023.05.30"]
[Round "5"]
[White "Rusch, Levi Adrian"]
[Black "Döscher, Rasmus"]
[Result "1-0"]
[Termination "normal"]
[Board "27"]
[WhiteElo "1151"]
[BlackElo "1049"]
[WhiteClock "01:11:55"]
[BlackClock "00:58:07"]
[PlyCount "55"]
[WhiteFideId "34660224"]
[BlackFideId "34625038"]
[EventCountry "GER"]
[EventRounds "11"]
[EventType "swiss"]
[EventDate "2023.05.27"]

1. d4 {[%clk 01:15:59]} {[%emt 00:00:01]} d5 {[%clk 01:15:52]} {[%emt
00:00:10]} 2. c4 {[%clk 01:16:24]} {[%emt 00:00:04]} e6 {[%clk 01:16:15]}
{[%emt 00:00:06]} 3. Nc3 {[%clk 01:16:45]} {[%emt 00:00:09]} Nf6 {[%clk
01:16:33]} {[%emt 00:00:11]} 4. Nf3 {[%clk 01:16:54]} {[%emt 00:00:22]} Nbd7
{[%clk 01:16:29]} {[%emt 00:00:34]} 5. Bg5 {[%clk 01:17:06]} {[%emt 00:00:18]}
Bb4 {[%clk 01:16:39]} {[%emt 00:00:20]} 6. Ne5 {[%clk 01:16:53]} {[%emt
00:00:44]} O-O {[%clk 01:16:06]} {[%emt 00:01:02]} 7. cxd5 {[%clk 01:16:59]}
{[%emt 00:00:24]} exd5 {[%clk 01:16:04]} {[%emt 00:00:33]} 8. e3 {[%clk
01:17:08]} {[%emt 00:00:21]} c5 {[%clk 01:14:31]} {[%emt 00:02:02]} 9. a3
{[%clk 01:16:48]} {[%emt 00:00:50]} Bxc3+ {[%clk 01:13:46]} {[%emt 00:01:16]}
10. bxc3 {[%clk 01:17:07]} {[%emt 00:00:12]} Re8 {[%clk 01:09:49]} {[%emt
00:04:27]} 11. Nxd7 {[%clk 01:15:29]} {[%emt 00:02:07]} Bxd7 {[%clk 01:09:53]}
{[%emt 00:00:25]} 12. Bd3 {[%clk 01:15:24]} {[%emt 00:00:37]} cxd4 {[%clk
01:09:10]} {[%emt 00:01:13]} 13. cxd4 {[%clk 01:14:27]} {[%emt 00:01:28]} Qa5+
{[%clk 01:08:39]} {[%emt 00:01:01]} 14. Kf1 {[%clk 01:14:45]} {[%emt 00:00:11]}
Qb6 {[%clk 01:07:54]} {[%emt 00:01:14]} 15. Rb1 {[%clk 01:14:39]} {[%emt
00:00:37]} Qc7 {[%clk 01:05:41]} {[%emt 00:02:43]} 16. Bxf6 {[%clk 01:14:46]}
{[%emt 00:00:22]} gxf6 {[%clk 01:05:20]} {[%emt 00:00:51]} 17. Qh5 {[%clk
01:14:31]} {[%emt 00:00:45]} Kf8 {[%clk 01:03:56]} {[%emt 00:01:53]} 18. Qxh7
{[%clk 01:13:20]} {[%emt 00:01:41]} Ke7 {[%clk 01:03:27]} {[%emt 00:00:59]} 19.
Qh5 {[%clk 01:12:58]} {[%emt 00:00:52]} Be6 {[%clk 01:01:59]} {[%emt 00:01:59]}
20. Qe2 {[%clk 01:11:16]} {[%emt 00:02:12]} Rh8 {[%clk 01:01:05]} {[%emt
00:01:24]} 21. Qb2 {[%clk 01:10:28]} {[%emt 00:01:19]} b6 {[%clk 01:00:53]}
{[%emt 00:00:41]} 22. Qb4+ {[%clk 01:10:42]} {[%emt 00:00:17]} Ke8 {[%clk
00:59:01]} {[%emt 00:02:22]} 23. Bb5+ {[%clk 01:10:51]} {[%emt 00:00:21]} Bd7
{[%clk 00:58:52]} {[%emt 00:00:38]} 24. Bxd7+ {[%clk 01:11:07]} {[%emt
00:00:14]} Kxd7 {[%clk 00:58:42]} {[%emt 00:00:39]} 25. Qb5+ {[%clk 01:11:11]}
{[%emt 00:00:27]} Kd8 {[%clk 00:58:27]} {[%emt 00:00:44]} 26. Qxd5+ {[%clk
01:11:30]} {[%emt 00:00:12]} Kc8 {[%clk 00:58:21]} {[%emt 00:00:36]} 27. Qxa8+
{[%clk 01:11:43]} {[%emt 00:00:17]} Qb8 {[%clk 00:58:07]} {[%emt 00:00:44]} 28.
Rc1+ {[%clk 01:11:55]} {[%emt 00:00:19]} 1-0

[Event "DEM U10 2023"]
[Site "Willingen GER"]
[Date "2023.05.30"]
[Round "5"]
[White "Bremermann, Jakow"]
[Black "König, Lian"]
[Result "0-1"]
[Termination "normal"]
[Board "28"]
[WhiteElo "787"]
[BlackElo "924"]
[WhiteClock "00:33:52"]
[BlackClock "00:21:36"]
[PlyCount "132"]
[WhiteFideId "34660160"]
[BlackFideId "34660216"]
[EventCountry "GER"]
[EventRounds "11"]
[EventType "swiss"]
[EventDate "2023.05.27"]

1. e4 {[%clk 01:15:58]} e5 {[%clk 01:15:55]} {[%emt 00:00:06]} 2. Nf3 {[%clk
01:16:23]} {[%emt 00:00:05]} Nc6 {[%clk 01:16:18]} {[%emt 00:00:07]} 3. Nc3
{[%clk 01:16:45]} {[%emt 00:00:08]} Nf6 {[%clk 01:16:15]} {[%emt 00:00:33]} 4.
Bb5 {[%clk 01:16:38]} {[%emt 00:00:37]} d6 {[%clk 01:16:25]} {[%emt 00:00:20]}
5. Bxc6+ {[%clk 01:16:56]} {[%emt 00:00:12]} bxc6 {[%clk 01:16:28]} {[%emt
00:00:28]} 6. d3 {[%clk 01:17:07]} {[%emt 00:00:18]} h6 {[%clk 01:16:18]}
{[%emt 00:00:39]} 7. h3 {[%clk 01:16:47]} {[%emt 00:00:51]} Be7 {[%clk
01:16:28]} {[%emt 00:00:20]} 8. Be3 {[%clk 01:16:25]} {[%emt 00:00:51]} Be6
{[%clk 01:15:21]} {[%emt 00:01:37]} 9. g4 {[%clk 01:15:32]} {[%emt 00:01:24]}
d5 {[%clk 01:10:50]} {[%emt 00:05:01]} 10. Nxe5 {[%clk 01:14:22]} {[%emt
00:01:40]} Qd6 {[%clk 01:07:42]} {[%emt 00:03:39]} 11. Bf4 {[%clk 01:12:41]}
{[%emt 00:02:10]} Qb4 {[%clk 01:00:10]} {[%emt 00:08:02]} 12. Rb1 {[%clk
01:07:03]} {[%emt 00:06:09]} Bd7 {[%clk 00:56:52]} {[%emt 00:03:46]} 13. Nxd7
{[%clk 01:04:17]} {[%emt 00:03:17]} Kxd7 {[%clk 00:57:02]} {[%emt 00:00:22]}
14. a3 {[%clk 01:04:18]} {[%emt 00:00:28]} Qa5 {[%clk 00:55:40]} {[%emt
00:01:52]} 15. e5 {[%clk 01:00:29]} {[%emt 00:04:19]} Nh7 {[%clk 00:53:23]}
{[%emt 00:02:47]} 16. b4 {[%clk 00:53:37]} {[%emt 00:07:22]} Qxa3 {[%clk
00:52:38]} {[%emt 00:01:14]} 17. Rb3 {[%clk 00:52:17]} {[%emt 00:01:51]} Qa6
{[%clk 00:52:32]} {[%emt 00:00:37]} 18. Be3 {[%clk 00:50:05]} {[%emt 00:02:39]}
Qb7 {[%emt 00:02:31]} 19. Bd4 {[%clk 00:49:22]} {[%emt 00:01:07]} Bxb4 {[%clk
00:49:27]} {[%emt 00:01:43]} 20. Ke2 {[%clk 00:43:11]} {[%emt 00:06:41]} a5
{[%clk 00:48:48]} {[%emt 00:01:08]} 21. Na4 {[%clk 00:41:33]} {[%emt 00:02:08]}
Qc8 {[%clk 00:42:04]} {[%emt 00:07:15]} 22. c3 {[%clk 00:39:18]} {[%emt
00:02:45]} Be7 {[%clk 00:36:52]} {[%emt 00:05:41]} 23. c4 {[%clk 00:38:18]}
{[%emt 00:01:31]} Rb8 {[%clk 00:33:44]} {[%emt 00:03:38]} 24. Rxb8 {[%clk
00:38:21]} {[%emt 00:00:26]} Qxb8 {[%clk 00:33:54]} {[%emt 00:00:21]} 25. cxd5
{[%clk 00:38:03]} {[%emt 00:00:47]} cxd5 {[%clk 00:33:40]} {[%emt 00:00:44]}
26. e6+ {[%clk 00:37:57]} {[%emt 00:00:36]} Kxe6 {[%clk 00:33:22]} {[%emt
00:00:48]} 27. Bxg7 {[%clk 00:38:13]} {[%emt 00:00:13]} Rg8 {[%emt 00:00:35]}
28. Bxh6 {[%clk 00:38:07]} {[%emt 00:00:22]} Bg5 {[%emt 00:03:59]} 29. Bxg5
{[%clk 00:36:59]} {[%emt 00:00:15]} Rxg5 {[%clk 00:31:34]} {[%emt 00:00:21]}
30. Kf3 {[%clk 00:37:10]} {[%emt 00:00:18]} Re5 {[%clk 00:29:50]} {[%emt
00:02:14]} 31. Re1 {[%clk 00:37:25]} {[%emt 00:00:15]} c6 {[%emt 00:01:53]} 32.
Rxe5+ {[%clk 00:37:07]} {[%emt 00:00:13]} Qxe5 {[%clk 00:28:50]} {[%emt
00:00:41]} 33. Kg2 {[%clk 00:36:21]} {[%emt 00:01:16]} Qd4 {[%clk 00:23:50]}
{[%emt 00:05:30]} 34. f3 {[%clk 00:36:13]} {[%emt 00:00:39]} c5 {[%clk
00:23:22]} {[%emt 00:00:58]} 35. Qe2+ {[%clk 00:32:44]} {[%emt 00:03:59]} Kf6
{[%clk 00:21:03]} {[%emt 00:02:48]} 36. Qb2 {[%clk 00:32:29]} {[%emt 00:00:44]}
Qxb2+ {[%clk 00:21:06]} {[%emt 00:00:28]} 37. Nxb2 {[%clk 00:29:34]} {[%emt
00:03:26]} Ke5 {[%clk 00:21:19]} {[%emt 00:00:18]} 38. Kf2 {[%clk 00:29:44]}
{[%emt 00:00:19]} Kd4 {[%clk 00:21:17]} {[%emt 00:00:32]} 39. Ke2 {[%clk
00:30:01]} {[%emt 00:00:13]} c4 {[%clk 00:20:09]} {[%emt 00:01:38]} 40. dxc4
{[%clk 00:30:21]} {[%emt 00:00:09]} dxc4 {[%clk 00:20:10]} {[%emt 00:00:29]}
41. h4 {[%clk 00:29:43]} {[%emt 00:01:09]} c3 {[%clk 00:20:25]} {[%emt
00:00:16]} 42. Nd3 {[%clk 00:30:02]} {[%emt 00:00:10]} a4 {[%clk 00:20:31]}
{[%emt 00:00:24]} 43. Nb4 {[%clk 00:29:56]} {[%emt 00:00:34]} Kc4 {[%clk
00:20:11]} {[%emt 00:00:50]} 44. Nc2 {[%clk 00:30:17]} {[%emt 00:00:11]} Kb3
{[%clk 00:20:14]} {[%emt 00:00:28]} 45. Kd3 {[%clk 00:30:32]} {[%emt 00:00:15]}
Nf6 {[%clk 00:19:44]} {[%emt 00:00:59]} 46. g5 {[%clk 00:30:29]} {[%emt
00:00:33]} Nh5 {[%clk 00:19:43]} {[%emt 00:00:31]} 47. g6 {[%clk 00:30:25]}
{[%emt 00:00:34]} fxg6 {[%clk 00:19:26]} {[%emt 00:00:47]} 48. Nd4+ {[%clk
00:30:33]} {[%emt 00:00:22]} Kb2 {[%clk 00:19:39]} {[%emt 00:00:17]} 49. Nc2
{[%clk 00:30:42]} {[%emt 00:00:20]} Nf4+ {[%clk 00:19:48]} {[%emt 00:00:21]}
50. Ke3 {[%clk 00:30:57]} {[%emt 00:00:16]} Kxc2 {[%clk 00:20:00]} {[%emt
00:00:18]} 51. Kxf4 {[%clk 00:31:19]} {[%emt 00:00:08]} Kd1 {[%clk 00:20:07]}
{[%emt 00:00:24]} 52. Kg5 {[%clk 00:31:40]} {[%emt 00:00:09]} c2 {[%clk
00:20:23]} {[%emt 00:00:15]} 53. Kxg6 {[%clk 00:32:04]} {[%emt 00:00:05]} c1=Q
{[%clk 00:20:24]} {[%emt 00:00:18]} 54. h5 {[%clk 00:32:34]} Qc6+ {[%clk
00:20:27]} {[%emt 00:00:39]} 55. Kg5 {[%clk 00:32:51]} {[%emt 00:00:11]} a3
{[%clk 00:20:39]} {[%emt 00:00:20]} 56. h6 {[%clk 00:33:02]} {[%emt 00:00:18]}
Qxh6+ {[%clk 00:20:51]} {[%emt 00:00:18]} 57. Kxh6 {[%clk 00:33:24]} {[%emt
00:00:08]} a2 {[%clk 00:21:07]} {[%emt 00:00:14]} 58. f4 {[%clk 00:33:47]}
{[%emt 00:00:07]} a1=Q {[%emt 00:00:16]} 59. Kg5 {[%clk 00:34:01]} {[%emt
00:00:15]} Qg7+ {[%clk 00:21:14]} {[%emt 00:00:39]} 60. Kf5 {[%clk 00:33:58]}
{[%emt 00:00:32]} Ke2 {[%clk 00:21:05]} {[%emt 00:00:40]} 61. Ke4 {[%clk
00:34:23]} {[%emt 00:01:12]} Qe7+ {[%clk 00:21:05]} {[%emt 00:00:30]} 62. Kf5
{[%clk 00:34:43]} {[%emt 00:00:10]} Kf3 {[%clk 00:20:57]} {[%emt 00:00:37]} 63.
Kg6 {[%clk 00:32:55]} {[%emt 00:02:17]} Kxf4 {[%clk 00:21:06]} {[%emt
00:00:20]} 64. Kh6 {[%clk 00:33:15]} {[%emt 00:00:10]} Qg5+ {[%clk 00:21:10]}
{[%emt 00:00:26]} 65. Kh7 {[%clk 00:33:34]} {[%emt 00:00:12]} Kf5 {[%clk
00:21:24]} {[%emt 00:00:17]} 66. Kh8 {[%clk 00:33:52]} {[%emt 00:00:12]} Kf6
{[%clk 00:21:36]} {[%emt 00:00:18]} 0-1